Tvorivosť vo vedeckovýskumnej činnosti

Bibliographic Details
Main Author: Benčo, Jozef, 1938-2013 (Author)
Format: Article
Language:Slovak
PhysicalDescription:Grafy, tab.
ISSN:1336-1732
Subjects:

MARC

LEADER 00000nab a2200000 a 4500
001 vtls000846958
003 SK-MaSNL
005 20260304104932.0
008 250429c2003 xo 0 slo
015 |a SNBRB2003/10-27092 
035 |a CLN000198613 
035 |a urn:nbn:sk:snk-abqre 
035 |a (urnnbn)urn:nbn:sk:snk:ar-a04l67 
035 |a (uuid)dbfdea80-11b3-4f32-8385-40b1e103726e 
040 |a SNKBUCL  |b slo  |c SNKBUCL  |e AACR2 
041 0 |a slo 
044 |a xo  |c SK 
080 |a 331.102.31:001  |2 1997 
080 |a 001  |2 1997 
100 1 |a Benčo, Jozef,  |d 1938-2013  |4 aut  |9 101359 
245 1 0 |a Tvorivosť vo vedeckovýskumnej činnosti  |c Jozef Benčo 
300 |b Grafy, tab. 
504 |a Res. angl., slov. 
504 |a Bibliogr. odkazy 
650 0 7 |a vedecká práca  |x tvorivosť  |2 snkbucl  |9 25962 
650 0 7 |a kreativita  |2 snkbucl  |9 4339 
655 7 |a články z novín a časopisov  |2 snkbucl  |9 267496 
773 0 |t Nová ekonomika  |g Roč. 2, č. 2 (2003), s. 14-23  |x 1336-1732 
850 |a Slovenská národná knižnica 
852 |a Slovenská národná knižnica 
954 |a odborná, vedecká literatúra pôvodná (slovenská)  |2 lita 
958 |a article27 
958 |a NB 
958 |a OND 
958 |a EUIPO 
999 |c 2853659  |d 2855589